The Ukraine War - Part III - Statistics

General Stats
  • This quiz has been taken 81 times
  • The average score is 16 of 25
Answer Stats
Hint Answer % Correct
President of the invading country Vladimir Putin
99%
... while this one has become a NATO member state in April 2023 Finland
97%
Ukrainian President who leads the defense of his country Volodymyr Zelenskyy
97%
Private Russian mercenary company heavily engaged in the war Wagner Group
93%
Turkish president brokering a Russian-Ukrainian deal over grain exports in July 2022 (Recep) Erdogan
89%
Nordic country intending to give up neutrality and join NATO as a reaction to the Russian invasion of Ukraine Sweden
89%
Country that hosts the most Ukrainian refugees (though it is unclear how many have gone there by their free will) Russia
83%
What Russia buys in Iran to continue its bombings in Ukraine Drones
81%
Major city in Southern Ukraine liberated in Nov 2022 after Russian retreat Kherson
77%
World leader who made a surprise visit to Kyiv on Feb 20, 2023 Joe Biden
76%
German chancellor who refused to supply Ukraine with Leopard 2 battle tanks before changing his mind on Jan 25, 2023 (Olaf) Scholz
74%
Town in Donetsk oblast that has been the centre of fighting since Nov 2022 Bakhmut
73%
IOC President who calls for the readmission of banned Russian and Belarussian athletes in international sports compettions (Thomas) Bach
70%
Longest bridge in Europe heavily damaged by an explosion of unclear causes on oct 8, 2022 Crimean/Kerch Bridge
70%
Owner of the company and close friend of the Russian president (Yevgeny) Prigozhin
66%
Where the company recruited numerous "volunteer" soldiers from summer 2022 Prisons
66%
Chechen leader (and strong ally of the Russian president) who sends soldiers to fight alongside Russian troops (Ramzan) Kadyrov
63%
Neutral central European country under pressure for refusing resales of ammunition to Ukraine Switzerland
63%
How Ukrainian Interior Minister Denys Monastyrskyi was killed on Jan 19, 2023 Helicopter crash
40%
Yellow oil crop widely cultivated in Ukraine, the world's top producer Sunflower
39%
United Nations body that has condemned the Russian invasion several times General Assembly
31%
Ukrainian music group who won the 2022 Eurovision Song contest Kalush Orchestra
31%
Ukrainian heavyweight boxer who defeated Briton Anthony Joshua twice, served in the Ukrainian forces in between and sang a patriotic song at the weigh-in (Oleksandr) Usyk
29%
Only other subject Russia and Ukraine have concluded several agreements in the course of the war Exchange of POW
16%
Energy carrier the European Union is heavily turning to in order to reduce dependency of Russian imports (three letter acronym) LNG (Liquefied natural gas)
14%
No matching quizzes found
Score Distribution
Percent of People with Each Score
Percentile by Number Answered
Your Score History
You have not taken this quiz